000 00289nam a22001337a 4500
008 170310b xxu||||| |||| 00| 0 eng d
020 _a9781455773282
041 _aeng
080 _a611
100 _a7
101 _aSHM
245 _aUPDATE ON OSTEOARTHRITIS RHEUMATIC
942 _2udc
_cBK
999 _c7431
_d7431